Datum a čas kvízu
36.5
Celkem bodů
Celkový počet nahraných bodů na tomto kvízu bez doplňovacích otázek.
4.
Pořadí na kvízu
Konečné umístění týmu na tomto kvízu.
Zaznamenané odpovědi
| # | Otázka | Odpověď | Body | Výsledky |
|---|---|---|---|---|
| 1. | „S teroristy se nevyjednává, s... | tygra stane vegetarián | 0 | |
| 2. | Dvaaosmdesátiletý prezident Ab... | Alžírsko | 0 | |
| 3. | Ve finské Heinole se koná MS v... | Žár | 0 | |
| 4. | Možná jste i Vy zaznamenali, ž... | 1 | ||
| 5. | Páteční los určil čtvrtfinálov... | 1C 2D 3B 4A | 1 | |
| 1. | Toto téma jste vybrali prostře... | DEA | 1 | |
| 2. | Hlavní postava seriálu Ve jmén... | Írán | 1 | |
| 3. | Jak se nazývá velké anglické m... | Birmingham | 1 | |
| 4. | Herečku Robin Wrightovou, jedn... | Forrest Gump | 1 | |
| 5. | Jak se jmenuje český herec, da... | Aleš Háma | 0 |